[Event "4NCL (GBR-chT 9394)"]
[Site "Cheltenham"]
[Date "1994.01.22"]
[Round "5.6"]
[White "Cooley, Chris"]
[Black "Britton, Richard"]
[Result "0-1"]
[WhiteElo "2456"]
[BlackElo "2305"]
[PlyCount "80"]
[EventDate "1994.01.22"]
[EventType "team"]
[EventCountry "ENG"]
[WhiteTeam "Invicta Knights"]
[BlackTeam "Barbican"]
[WhiteTeamCountry "ENG"]
[BlackTeamCountry "ENG"]

1. e4 c5 2. c3 d5 3. exd5 Qxd5 4. d4 Nf6 5. Nf3 Bg4 6. Be2 e6 7. O-O Nc6 8. Be3
cxd4 9. Nxd4 Bxe2 10. Qxe2 Nxd4 11. Bxd4 Be7 12. Rd1 Qh5 13. Qxh5 Nxh5 14. Nd2
a6 15. Nc4 Rc8 16. Na5 b5 17. a4 O-O 18. axb5 axb5 19. Nb3 Nf4 20. Ra7 Nd5 21.
Rb7 b4 22. Nd2 bxc3 23. bxc3 Bf6 24. Bxf6 gxf6 25. c4 Nc3 26. Re1 Rfd8 27. Rb2
f5 28. Rc2 Nb5 29. Ra2 Nd4 30. Kf1 Rc5 31. Rc1 e5 32. Ke1 e4 33. Rc3 Rb8 34.
Rg3+ Kf8 35. Rga3 Rcc8 36. Kd1 Rd8 37. Re3 Nc6 38. Rh3 Rb1+ 39. Kc2 Rg1 40. Rb2
Nd4+ 0-1

[Event "4NCL (GBR-chT 9394)"]
[Site "Cheltenham"]
[Date "1994.01.22"]
[Round "5.7"]
[White "Kenworthy, Gary"]
[Black "Bibby, Simon"]
[Result "1-0"]
[WhiteElo "2285"]
[BlackElo "2290"]
[PlyCount "114"]
[EventDate "1994.01.22"]
[EventType "team"]
[EventCountry "ENG"]
[WhiteTeam "Barbican"]
[BlackTeam "Invicta Knights"]
[WhiteTeamCountry "ENG"]
[BlackTeamCountry "ENG"]

1. e4 c5 2. Nf3 Nc6 3. d4 cxd4 4. Nxd4 e5 5. Nb5 d6 6. a4 Be7 7. Bc4 Nf6 8.
N1c3 a6 9. Na3 O-O 10. O-O Be6 11. Re1 Rc8 12. b3 Nd7 13. Nd5 Bg5 14. Bxg5 Qxg5
15. Re3 Kh8 16. Rg3 Qh4 17. Ne3 Nc5 18. f3 Rcd8 19. Qe1 g6 20. Rd1 Nd4 21. a5
Qe7 22. b4 Nd7 23. c3 Nc6 24. Nd5 Bxd5 25. Bxd5 Nf6 26. Rh3 Nh5 27. g3 Qd7 28.
Rh4 Ne7 29. Nc4 Nxd5 30. Rxd5 Nf6 31. Rxd6 Qb5 32. Qd2 Rxd6 33. Qxd6 Kg7 34.
Nxe5 Qe2 35. Nd3 Qxf3 36. Rf4 Qe3+ 37. Kg2 Qe2+ 38. Nf2 Nh5 39. Rf3 Kg8 40. Qe7
Ng7 41. Qxb7 Ne6 42. h4 g5 43. hxg5 Nxg5 44. Rf5 h6 45. Qc6 Kh7 46. Qd5 Rg8 47.
Qd3 Qxd3 48. Nxd3 Nxe4 49. Rxf7+ Kh8 50. Rf3 Rc8 51. Rf4 Nxc3 52. Rf6 Nd5 53.
Rxh6+ Kg7 54. Rd6 Ne3+ 55. Kf3 Nc2 56. Rxa6 Rc3 57. Ke2 Rxd3 1-0

[Event "4NCL (GBR-chT 9394)"]
[Site "Cheltenham"]
[Date "1994.01.22"]
[Round "5.8"]
[White "Hunt, Harriet"]
[Black "Regan, Natasha"]
[Result "1/2-1/2"]
[WhiteElo "2135"]
[BlackElo "2140"]
[PlyCount "67"]
[EventDate "1994.01.22"]
[EventType "team"]
[EventCountry "ENG"]
[WhiteTeam "Invicta Knights"]
[BlackTeam "Barbican"]
[WhiteTeamCountry "ENG"]
[BlackTeamCountry "ENG"]

1. e4 Nf6 2. e5 Nd5 3. d4 d6 4. Nf3 g6 5. c4 Nb6 6. Nc3 Bg7 7. Bf4 O-O 8. Be2
Nc6 9. h3 dxe5 10. dxe5 Be6 11. b3 Nd7 12. O-O Ndxe5 13. Nxe5 Nxe5 14. Rc1 Qxd1
15. Rfxd1 c6 16. Ne4 Rad8 17. Be3 a6 18. Bc5 Rxd1+ 19. Rxd1 Re8 20. Be3 Bc8 21.
Nc5 f5 22. Na4 Nd7 23. b4 Kf7 24. b5 Nb8 25. Ba7 cxb5 26. cxb5 axb5 27. Bxb5
Nc6 28. Bb6 e5 29. Nc5 Re7 30. Bc4+ Ke8 31. Bb5 Kf7 32. Bc4+ Ke8 33. Bb5 Kf7
34. Bc4+ 1/2-1/2

[Event "4NCL (GBR-chT 9394)"]
[Site "Cheltenham"]
[Date "1994.01.22"]
[Round "5.1"]
[White "Summerscale, Aaron"]
[Black "Hennigan, Michael"]
[Result "1/2-1/2"]
[WhiteElo "2355"]
[BlackElo "2415"]
[PlyCount "88"]
[EventDate "1994.01.22"]
[EventType "team"]
[EventCountry "ENG"]
[WhiteTeam "Slough"]
[BlackTeam "Bristol"]
[WhiteTeamCountry "ENG"]
[BlackTeamCountry "ENG"]

1. e4 c5 2. c3 Nf6 3. e5 Nd5 4. d4 d6 5. Nf3 Nc6 6. Bc4 Nb6 7. Bb5 Bd7 8. exd6
exd6 9. O-O Be7 10. Bf4 O-O 11. h3 Nxd4 12. Nxd4 cxd4 13. Bxd7 dxc3 14. Nxc3
Qxd7 15. Qd3 d5 16. Rfd1 Rfd8 17. Be3 Nc4 18. Nxd5 Nxb2 19. Nf6+ Bxf6 20. Qxd7
Nxd1 21. Rxd1 Rxd7 22. Rxd7 b6 23. a4 Kf8 24. Rb7 Be7 25. Bf4 Bc5 26. Bb8 a6
27. Ba7 Re8 28. Bxb6 Bxb6 29. Rxb6 Re6 30. a5 Ke7 31. Rb7+ Ke8 32. Ra7 g5 33.
g4 Kf8 34. Kg2 Kg7 35. Kg3 Rf6 36. Rb7 Re6 37. Rb6 Kf6 38. f4 gxf4+ 39. Kxf4 h6
40. h4 Ke7 41. Rxe6+ Kxe6 42. g5 hxg5+ 43. Kxg5 Ke7 44. Kf5 Kf8 1/2-1/2

[Event "4NCL (GBR-chT 9394)"]
[Site "Cheltenham"]
[Date "1994.01.22"]
[Round "5.2"]
[White "Baker, Chris"]
[Black "Cummings, David"]
[Result "0-1"]
[WhiteElo "2260"]
[BlackElo "2376"]
[PlyCount "84"]
[EventDate "1994.01.22"]
[EventType "team"]
[EventCountry "ENG"]
[WhiteTeam "Bristol"]
[BlackTeam "Slough"]
[WhiteTeamCountry "ENG"]
[BlackTeamCountry "ENG"]

1. e4 c5 2. Nf3 e6 3. c3 d5 4. e5 Nc6 5. d4 Qb6 6. Bd3 cxd4 7. cxd4 Bd7 8. O-O
Nxd4 9. Nxd4 Qxd4 10. Nc3 a6 11. Qe2 Ne7 12. Rd1 Qb6 13. Be3 Qd8 14. f4 Nc6 15.
Bf2 g6 16. Bc2 Be7 17. Rac1 O-O 18. f5 gxf5 19. Qh5 Nxe5 20. Nxd5 exd5 21. Rxd5
Qc7 22. Be3 Rac8 23. Bxf5 Qxc1+ 24. Bxc1 Rxc1+ 25. Kf2 Bxf5 26. Qxf5 Ng6 27.
Rd7 Rc6 28. Qd5 Rf6+ 29. Ke3 Re6+ 30. Kd2 Ne5 31. Kc2 Nxd7 32. Qxd7 b5 33. g3
Rd8 34. Qb7 Re2+ 35. Kc3 Re3+ 36. Kc2 Re2+ 37. Kc3 Bf6+ 38. Kb4 Rd4+ 39. Ka5
Ra4+ 40. Kb6 Re6+ 41. Kc5 Rc4+ 42. Kd5 Re7 0-1

[Event "4NCL (GBR-chT 9394)"]
[Site "Cheltenham"]
[Date "1994.01.22"]
[Round "5.3"]
[White "Richardson, John"]
[Black "Law, Andrew"]
[Result "1/2-1/2"]
[WhiteElo "2288"]
[BlackElo "2375"]
[PlyCount "71"]
[EventDate "1994.01.22"]
[EventType "team"]
[EventCountry "ENG"]
[WhiteTeam "Slough"]
[BlackTeam "Bristol"]
[WhiteTeamCountry "ENG"]
[BlackTeamCountry "ENG"]

1. d4 d5 2. c4 dxc4 3. Nf3 Nf6 4. Nc3 c6 5. e3 b5 6. a4 b4 7. Na2 e6 8. Bxc4
Be7 9. Bd2 a5 10. Nc1 O-O 11. Nb3 Nbd7 12. Qe2 c5 13. e4 Bb7 14. e5 Nd5 15. Bd3
cxd4 16. h4 Qb6 17. Nbxd4 f5 18. exf6 Rxf6 19. Bg5 Nf4 20. Bxf4 Rxf4 21. Nxe6
Bxf3 22. gxf3 Rxh4 23. Rg1 g6 24. Rc1 Bf6 25. Bb5 Ne5 26. f4 Nf3+ 27. Qxf3
Qxe6+ 28. Kf1 Rc8 29. Rd1 Rd8 30. Rxd8+ Bxd8 31. Bc6 Kg7 32. f5 Qf6 33. fxg6
Qxf3 34. Bxf3 hxg6 35. Rg4 Rxg4 36. Bxg4 1/2-1/2

[Event "4NCL (GBR-chT 9394)"]
[Site "Cheltenham"]
[Date "1994.01.22"]
[Round "5.4"]
[White "Beaumont, Chris"]
[Black "Houska, Miroslav"]
[Result "1/2-1/2"]
[WhiteElo "2365"]
[BlackElo "2300"]
[PlyCount "61"]
[EventDate "1994.01.22"]
[EventType "team"]
[EventCountry "ENG"]
[WhiteTeam "Bristol"]
[BlackTeam "Slough"]
[WhiteTeamCountry "ENG"]
[BlackTeamCountry "ENG"]

1. Nf3 f5 2. d4 Nf6 3. g3 g6 4. Bg2 Bg7 5. c4 O-O 6. Nc3 d6 7. d5 Qe8 8. O-O
Na6 9. Rb1 Bd7 10. b4 c6 11. dxc6 bxc6 12. b5 Nc5 13. Nd4 Nfe4 14. Nxe4 Nxe4
15. bxc6 Bxc6 16. Ne6 Nc3 17. Nxg7 Qf7 18. Bxc6 Nxd1 19. Bd5 Nc3 20. Bxf7+ Rxf7
21. Rb2 Kxg7 22. Be3 e5 23. Rc1 Ne4 24. f3 Nf6 25. Rd1 Rd7 26. Rbd2 Rad8 27.
Bg5 h6 28. Bxf6+ Kxf6 29. Rd5 Ke6 30. Ra5 Rc8 31. Ra4 1/2-1/2

[Event "4NCL (GBR-chT 9394)"]
[Site "Cheltenham"]
[Date "1994.01.22"]
[Round "5.5"]
[White "Webb, Richard M"]
[Black "Burgess, Graham"]
[Result "1/2-1/2"]
[WhiteElo "2280"]
[BlackElo "2300"]
[PlyCount "82"]
[EventDate "1994.01.22"]
[EventType "team"]
[EventCountry "ENG"]
[WhiteTeam "Slough"]
[BlackTeam "Bristol"]
[WhiteTeamCountry "ENG"]
[BlackTeamCountry "ENG"]

1. e4 Nf6 2. e5 Nd5 3. d4 d6 4. c4 Nb6 5. f4 dxe5 6. fxe5 c5 7. d5 e6 8. Nc3
exd5 9. cxd5 c4 10. Nf3 Bb4 11. Bxc4 Bxc3+ 12. bxc3 Nxc4 13. Qa4+ Nd7 14. Qxc4
Nb6 15. Qb5+ Qd7 16. Qxd7+ Bxd7 17. d6 Rc8 18. Bd2 Na4 19. O-O Nxc3 20. Bxc3
Rxc3 21. Rac1 Rxc1 22. Rxc1 Bc6 23. Nd4 Kd7 24. Nxc6 bxc6 25. Rb1 Ke6 26. Rb7
Kxe5 27. Rxf7 Kxd6 28. Rxa7 Kd5 29. Rxg7 c5 30. Kf2 Kd4 31. g4 c4 32. Rd7+ Kc3
33. h4 Kc2 34. g5 c3 35. Kg3 Kb1 36. Rb7+ Kxa2 37. Rc7 Kb2 38. h5 c2 39. Kf4
Rf8+ 40. Ke5 Rf7 41. Rxc2+ Kxc2 1/2-1/2

[Event "4NCL (GBR-chT 9394)"]
[Site "Cheltenham"]
[Date "1994.01.22"]
[Round "5.6"]
[White "Ansell, Simon T"]
[Black "Noyce, Robert"]
[Result "1-0"]
[WhiteElo "2290"]
[BlackElo "2230"]
[PlyCount "75"]
[EventDate "1994.01.22"]
[EventType "team"]
[EventCountry "ENG"]
[WhiteTeam "Bristol"]
[BlackTeam "Slough"]
[WhiteTeamCountry "ENG"]
[BlackTeamCountry "ENG"]

1. e4 g6 2. d4 d6 3. Nc3 Bg7 4. Nf3 Bg4 5. Be3 Nc6 6. Be2 e5 7. dxe5 Bxf3 8.
Bxf3 Nxe5 9. Be2 Nf6 10. Qd2 Qd7 11. h3 a6 12. O-O-O O-O-O 13. f4 Nc6 14. g4
Qe7 15. Bf3 Rhe8 16. g5 Nd7 17. Nd5 Qf8 18. Qg2 f5 19. gxf6 Nxf6 20. e5 dxe5
21. Nb6+ cxb6 22. Bxc6 Qe7 23. Bxe8 Rxe8 24. fxe5 Qxe5 25. Bd4 Bh6+ 26. Kb1 Qd5
27. Qxd5 Nxd5 28. c4 Ne3 29. Rhe1 Rd8 30. Bxe3 Rxd1+ 31. Rxd1 Bxe3 32. Kc2 h5
33. Kd3 Bf4 34. Ke4 g5 35. Kf5 Be3 36. Re1 Bd2 37. Rg1 g4 38. h4 1-0

[Event "4NCL (GBR-chT 9394)"]
[Site "Cheltenham"]
[Date "1994.01.22"]
[Round "5.7"]
[White "Smith, Andrew P"]
[Black "Truran, Michael"]
[Result "1/2-1/2"]
[WhiteElo "2290"]
[BlackElo "2272"]
[PlyCount "66"]
[EventDate "1994.01.22"]
[EventType "team"]
[EventCountry "ENG"]
[WhiteTeam "Slough"]
[BlackTeam "Bristol"]
[WhiteTeamCountry "ENG"]
[BlackTeamCountry "ENG"]

1. e4 c5 2. Nf3 d6 3. d4 cxd4 4. Nxd4 Nf6 5. Nc3 a6 6. Bg5 e6 7. Be2 Be7 8. O-O
O-O 9. a4 Nc6 10. Qd3 Bd7 11. Rad1 Rc8 12. Kh1 Ne5 13. Qh3 h6 14. Bc1 Qa5 15.
f4 Nc4 16. f5 e5 17. Nb3 Qb4 18. Rd3 Kh7 19. Rg3 Rh8 20. Nd5 Nxd5 21. exd5 Bf6
22. Bg5 Bxg5 23. Rxg5 f6 24. Rg4 Bxa4 25. Qh4 b5 26. Qh5 Rhg8 27. Qg6+ Kh8 28.
Rh4 Rc7 29. Rxh6+ gxh6 30. Qxh6+ Rh7 31. Qxf6+ Rgg7 32. Qf8+ Rg8 33. Qf6+ Rgg7
1/2-1/2

[Event "4NCL (GBR-chT 9394)"]
[Site "Cheltenham"]
[Date "1994.01.22"]
[Round "5.8"]
[White "Richmond, Jane"]
[Black "Houska, Jovanka"]
[Result "1/2-1/2"]
[WhiteElo "2056"]
[BlackElo "1872"]
[PlyCount "107"]
[EventDate "1994.01.22"]
[EventType "team"]
[EventCountry "ENG"]
[WhiteTeam "Bristol"]
[BlackTeam "Slough"]
[WhiteTeamCountry "ENG"]
[BlackTeamCountry "ENG"]

1. e4 d5 2. exd5 Nf6 3. Bb5+ Bd7 4. Bc4 Bg4 5. Nf3 Nxd5 6. Nc3 c6 7. O-O e6 8.
d4 Bd6 9. Ne4 O-O 10. c3 Qc7 11. Nxd6 Qxd6 12. Bd3 Nf6 13. Re1 Nbd7 14. Re3
Rad8 15. Qc2 c5 16. Ne5 cxd4 17. cxd4 Bh5 18. Bd2 Rc8 19. Bc3 Nb6 20. Rh3 Bg6
21. Nxg6 hxg6 22. Qb3 Nfd5 23. Rf3 Nxc3 24. bxc3 Qd5 25. Bf1 Nc4 26. Rd1 b6 27.
Rg3 Rc7 28. Be2 Rfc8 29. Bf3 Qd6 30. Be2 Qe7 31. Rg4 Na5 32. Qb4 Qf6 33. Rg3
Qf5 34. Bd3 Qd5 35. Ba6 Rb8 36. a4 Nc6 37. Qb2 Ne7 38. Re1 Qa5 39. Bb5 a6 40.
Bf1 Nf5 41. Rd3 Qxa4 42. d5 exd5 43. Rxd5 Qc6 44. Rde5 a5 45. Rxa5 Qxc3 46.
Qxc3 Rxc3 47. Rb1 Nd4 48. Rd5 Nb3 49. g3 Nc5 50. Rd6 Rb3 51. Rxb3 Nxb3 52. Bc4
Nc5 53. Rxg6 b5 54. Rg5 1/2-1/2

[Event "4NCL (GBR-chT 9394)"]
[Site "Cheltenham"]
[Date "1994.01.22"]
[Round "5.1"]
[White "Howell, James"]
[Black "Littlewood, Paul"]
[Result "1-0"]
[WhiteElo "2505"]
[BlackElo "2460"]
[PlyCount "83"]
[EventDate "1994.01.22"]
[EventType "team"]
[EventCountry "ENG"]
[WhiteTeam "North West Eagles"]
[BlackTeam "Covent Garden"]
[WhiteTeamCountry "ENG"]
[BlackTeamCountry "ENG"]

1. e4 e5 2. Nf3 Nc6 3. Bb5 a6 4. Ba4 Nf6 5. O-O Be7 6. Re1 b5 7. Bb3 d6 8. c3
O-O 9. h3 Na5 10. Bc2 c5 11. d4 Nd7 12. Nbd2 cxd4 13. cxd4 Nc6 14. Nb3 Nb6 15.
d5 Nb4 16. Bb1 a5 17. Nxa5 Rxa5 18. Bd2 f5 19. Bxb4 Ra4 20. a3 Qe8 21. exf5
Bxf5 22. Bxf5 Rxf5 23. Rc1 Qd8 24. Qd3 Qd7 25. Rc6 e4 26. Qxb5 exf3 27. Rxb6
Ra7 28. g4 Rg5 29. Kh2 h5 30. Qxd7 Rxd7 31. Kg3 Rxd5 32. Kxf3 Bf6 33. Re2 Rd3+
34. Kg2 hxg4 35. hxg4 d5 36. a4 Rb3 37. Bc5 Rxb6 38. Bxb6 d4 39. a5 d3 40. Rd2
Bxb2 41. a6 Bc3 42. Rxd3 1-0

[Event "4NCL (GBR-chT 9394)"]
[Site "Cheltenham"]
[Date "1994.01.22"]
[Round "5.2"]
[White "Martin, Andrew"]
[Black "Horner, Jeff"]
[Result "1/2-1/2"]
[WhiteElo "2425"]
[BlackElo "2384"]
[PlyCount "79"]
[EventDate "1994.01.22"]
[EventType "team"]
[EventCountry "ENG"]
[WhiteTeam "Covent Garden"]
[BlackTeam "North West Eagles"]
[WhiteTeamCountry "ENG"]
[BlackTeamCountry "ENG"]

1. c4 Nf6 2. d4 g6 3. Nc3 Bg7 4. e4 O-O 5. Be2 d6 6. Nf3 e5 7. O-O Nc6 8. d5
Ne7 9. b4 Ne8 10. Bd2 f5 11. Rc1 Kh8 12. c5 Ng8 13. Ng5 Ngf6 14. exf5 gxf5 15.
f4 e4 16. Be3 Qe7 17. Qb3 h6 18. Nh3 a5 19. Rfd1 Rg8 20. bxa5 Rxa5 21. Nb5 Bd7
22. Nf2 Qf7 23. Nc3 dxc5 24. Qxb7 Bf8 25. Qb2 Kh7 26. Qd2 Ra8 27. Kh1 Bd6 28.
Rg1 Qe7 29. Nfd1 Ng7 30. Nb2 Ngh5 31. Nc4 Ng4 32. g3 Rg7 33. Rb1 Rag8 34. a4
Qf6 35. Bxg4 Rxg4 36. Nxd6 cxd6 37. Rb7 R4g7 38. a5 Bc8 39. Rxg7+ Qxg7 40. g4
1/2-1/2

[Event "4NCL (GBR-chT 9394)"]
[Site "Cheltenham"]
[Date "1994.01.22"]
[Round "5.3"]
[White "Quillan, Gary"]
[Black "Harley, Andrew"]
[Result "1-0"]
[WhiteElo "2300"]
[BlackElo "2315"]
[PlyCount "79"]
[EventDate "1994.01.22"]
[EventType "team"]
[EventCountry "ENG"]
[WhiteTeam "North West Eagles"]
[BlackTeam "Covent Garden"]
[WhiteTeamCountry "ENG"]
[BlackTeamCountry "ENG"]

1. e4 e6 2. d4 d5 3. e5 c5 4. dxc5 Nc6 5. Nf3 Bxc5 6. Bd3 Nge7 7. Bf4 Ng6 8.
Bg3 O-O 9. O-O f5 10. exf6 Qxf6 11. Bxg6 Qxg6 12. Nc3 b6 13. Re1 Nb4 14. a3
Nxc2 15. Nh4 Qxg3 16. hxg3 Bxf2+ 17. Kh2 Nxe1 18. Qd2 Ba6 19. Rxe1 Bxe1 20.
Qxe1 Rae8 21. Qe5 Bc4 22. Nd1 b5 23. Ne3 Be2 24. Nc2 Bg4 25. Nd4 a6 26. Qg5 Bd1
27. Nc6 Rf6 28. Qc1 Be2 29. Qc2 e5 30. Qc5 Bc4 31. Ne7+ Kh8 32. Nxd5 Bxd5 33.
Qxd5 g5 34. Nf3 e4 35. Nxg5 e3 36. Qd4 Kg7 37. Ne4 Ree6 38. Nxf6 e2 39. Ne4+
Kg6 40. Qe3 1-0

[Event "4NCL (GBR-chT 9394)"]
[Site "Cheltenham"]
[Date "1994.01.22"]
[Round "5.4"]
[White "Wall, Gavin"]
[Black "Littlewood, John E"]
[Result "1-0"]
[WhiteElo "2295"]
[BlackElo "2320"]
[PlyCount "85"]
[EventDate "1994.01.22"]
[EventType "team"]
[EventCountry "ENG"]
[WhiteTeam "Covent Garden"]
[BlackTeam "North West Eagles"]
[WhiteTeamCountry "ENG"]
[BlackTeamCountry "ENG"]

1. d4 Nf6 2. Nf3 g6 3. Bf4 Bg7 4. h3 O-O 5. e3 c5 6. Nbd2 b6 7. c3 Bb7 8. a4 d6
9. Bc4 Nbd7 10. O-O Qc7 11. Qe2 e5 12. dxe5 dxe5 13. Bh2 Qd6 14. Ba6 Bxa6 15.
Qxa6 Qe6 16. e4 Nh5 17. Rfe1 Rfc8 18. Qc4 Qe8 19. Nf1 a6 20. Ne3 b5 21. Qe2 c4
22. Nd5 Qd8 23. Red1 h6 24. g4 Nf4 25. Nxf4 exf4 26. Bxf4 Qe8 27. axb5 axb5 28.
Rxa8 Rxa8 29. Bd6 Qe6 30. e5 Nb6 31. Qe4 Qe8 32. h4 Na4 33. Rd2 Rd8 34. Qb7 Qe6
35. Rd4 Qe8 36. h5 gxh5 37. gxh5 Nxb2 38. Rg4 Qe6 39. Qe4 f5 40. Nd4 Qxd6 41.
Rxg7+ Kh8 42. Qxf5 Qf8 43. Qh7# 1-0

[Event "4NCL (GBR-chT 9394)"]
[Site "Cheltenham"]
[Date "1994.01.22"]
[Round "5.5"]
[White "Lund, D Brett"]
[Black "Goldberg, Jeff"]
[Result "1/2-1/2"]
[WhiteElo "2270"]
[BlackElo "2088"]
[PlyCount "86"]
[EventDate "1994.01.22"]
[EventType "team"]
[EventCountry "ENG"]
[WhiteTeam "North West Eagles"]
[BlackTeam "Covent Garden"]
[WhiteTeamCountry "ENG"]
[BlackTeamCountry "ENG"]

1. g3 d5 2. Bg2 c6 3. f4 g6 4. Nf3 Bg7 5. d3 a5 6. c3 Nf6 7. O-O O-O 8. Qe1 Na6
9. h3 Nc5 10. g4 a4 11. Be3 Nfd7 12. Qf2 Ra5 13. Na3 e6 14. Rad1 Qe7 15. Bd4 f6
16. c4 Ra8 17. Qe3 Rf7 18. g5 f5 19. h4 h5 20. gxh6 Bxh6 21. Ng5 Bxg5 22. hxg5
Na6 23. cxd5 exd5 24. Qxe7 Rxe7 25. Kf2 Nc7 26. Rh1 Ne6 27. Be3 Ndf8 28. Nc2
Bd7 29. Nd4 Rae8 30. Bf3 Nxg5 31. fxg5 Rxe3 32. Be4 f4 33. Bf3 Ne6 34. Nxe6
Bxe6 35. Rh4 Re5 36. Rdh1 Rf8 37. Rh8+ Kf7 38. R1h7+ Ke8 39. Rxf8+ Kxf8 40.
Rxb7 Rxg5 41. Rc7 d4 42. Rxc6 Ke7 43. Ra6 Rb5 1/2-1/2

[Event "4NCL (GBR-chT 9394)"]
[Site "Cheltenham"]
[Date "1994.01.22"]
[Round "5.6"]
[White "Berntsen, Sheila"]
[Black "Smith, Alan A"]
[Result "1/2-1/2"]
[WhiteElo "2080"]
[BlackElo "2265"]
[PlyCount "60"]
[EventDate "1994.01.22"]
[EventType "team"]
[EventCountry "ENG"]
[WhiteTeam "Covent Garden"]
[BlackTeam "North West Eagles"]
[WhiteTeamCountry "ENG"]
[BlackTeamCountry "ENG"]

1. d4 Nf6 2. Bg5 Ne4 3. h4 c5 4. d5 Qb6 5. Nd2 Nxg5 6. hxg5 g6 7. e4 Qxb2 8.
Bc4 h6 9. Rb1 Qg7 10. gxh6 Rxh6 11. Rxh6 Qxh6 12. Qg4 Bg7 13. Rb3 Qh5 14. Qxh5
gxh5 15. Rg3 Kf8 16. d6 e6 17. f4 b6 18. Ne2 Nc6 19. c3 Bb7 20. Rh3 a6 21. Rxh5
b5 22. Bd3 c4 23. Bc2 Rc8 24. e5 b4 25. Nxc4 bxc3 26. Nb6 Rd8 27. Be4 c2 28.
Bxc2 Nb4 29. Ba4 Nd3+ 30. Kf1 Nc5 1/2-1/2

[Event "4NCL (GBR-chT 9394)"]
[Site "Cheltenham"]
[Date "1994.01.22"]
[Round "5.7"]
[White "James, David"]
[Black "Dunworth, Chris"]
[Result "1-0"]
[WhiteElo "2255"]
[BlackElo "2245"]
[PlyCount "65"]
[EventDate "1994.01.22"]
[EventType "team"]
[EventCountry "ENG"]
[WhiteTeam "North West Eagles"]
[BlackTeam "Covent Garden"]
[WhiteTeamCountry "ENG"]
[BlackTeamCountry "ENG"]

1. d4 g6 2. c4 Bg7 3. Nc3 c5 4. d5 Bxc3+ 5. bxc3 f5 6. Nf3 d6 7. e3 Qa5 8. Qc2
Nf6 9. Bd3 Nbd7 10. O-O Nb6 11. Nd2 e5 12. dxe6 Bxe6 13. e4 fxe4 14. Nxe4 Nxe4
15. Bxe4 O-O-O 16. Bxb7+ Kxb7 17. Qe4+ Bd5 18. cxd5 Qxc3 19. Bg5 Rde8 20. Qh4
Qc4 21. Qg3 Rhf8 22. a4 Rf5 23. Rfc1 Qe4 24. Bd2 Nxd5 25. Rab1+ Nb4 26. Bxb4
cxb4 27. Qc3 a5 28. Qc7+ Ka8 29. Qxd6 Rfe5 30. h3 R5e6 31. Qd7 Qb7 32. Rc7 Qb8
33. Qd5+ 1-0

[Event "4NCL (GBR-chT 9394)"]
[Site "Cheltenham"]
[Date "1994.01.22"]
[Round "5.8"]
[White "Hinks-Edwards, Tom"]
[Black "Sheldon, Ruth"]
[Result "1/2-1/2"]
[WhiteElo "2205"]
[BlackElo "2040"]
[PlyCount "92"]
[EventDate "1994.01.22"]
[EventType "team"]
[EventCountry "ENG"]
[WhiteTeam "Covent Garden"]
[BlackTeam "North West Eagles"]
[WhiteTeamCountry "ENG"]
[BlackTeamCountry "ENG"]

1. e4 c5 2. Nf3 e6 3. d4 cxd4 4. Nxd4 Nc6 5. Nb5 d6 6. c4 Nf6 7. N1c3 a6 8. Na3
Be7 9. Be2 b6 10. O-O Bb7 11. f4 Rc8 12. Bd3 O-O 13. Qe2 Nd4 14. Qe1 d5 15.
cxd5 exd5 16. e5 Bc5 17. Kh1 Re8 18. Be3 Ng4 19. Bxd4 Bxd4 20. Nc2 Bxc3 21.
bxc3 Rc5 22. Nd4 Nf6 23. Nf5 Ne4 24. Bxe4 dxe4 25. Qg3 g6 26. Nd6 Re7 27. Qg5
Bc6 28. c4 Rd7 29. Qg3 b5 30. cxb5 Bxb5 31. Rfe1 Bd3 32. Nxe4 Bxe4 33. Rxe4
Rd1+ 34. Re1 Rcd5 35. h3 Rxa1 36. Rxa1 Rd3 37. Qg4 h5 38. Qg5 Qxg5 39. fxg5 Re3
40. Rc1 Rxe5 41. h4 Re2 42. Ra1 Re4 43. g3 Re2 44. a4 a5 45. Rc1 Re4 46. Ra1
Re2 1/2-1/2

[Event "4NCL (GBR-chT 9394)"]
[Site "Cheltenham"]
[Date "1994.01.23"]
[Round "6.1"]
[White "Hennigan, Michael"]
[Black "Hebden, Mark"]
[Result "1/2-1/2"]
[WhiteElo "2415"]
[BlackElo "2560"]
[PlyCount "68"]
[EventDate "1994.01.23"]
[EventType "team"]
[EventCountry "ENG"]
[WhiteTeam "Bristol"]
[BlackTeam "Barbican"]
[WhiteTeamCountry "ENG"]
[BlackTeamCountry "ENG"]

1. e4 e5 2. Nf3 Nc6 3. Nc3 Nf6 4. Bb5 Nd4 5. Ba4 c6 6. Nxe5 d5 7. d3 Bd6 8. f4
O-O 9. Be3 Qb6 10. Qd2 Bc5 11. Bf2 Qxb2 12. Rb1 Qa3 13. Bb3 dxe4 14. dxe4 Nxb3
15. Rxb3 Bxf2+ 16. Kxf2 Qa5 17. Kf3 Bg4+ 18. Nxg4 Qh5 19. h3 Nxg4 20. Qd1 Nf6+
21. g4 Qa5 22. Qe1 Nd7 23. Rxb7 Nc5 24. Rb1 Rad8 25. Qe3 Na4 26. Nxa4 Qxa4 27.
Qb3 Qa5 28. Rhd1 g5 29. fxg5 Qxg5 30. Qe3 Qf6+ 31. Kg2 Qe5 32. Rxd8 Rxd8 33.
Rf1 Rd4 34. Rf5 Qxe4+ 1/2-1/2

[Event "4NCL (GBR-chT 9394)"]
[Site "Cheltenham"]
[Date "1994.01.23"]
[Round "6.2"]
[White "Flear, Glenn C"]
[Black "Baker, Chris"]
[Result "1-0"]
[WhiteElo "2500"]
[BlackElo "2260"]
[PlyCount "143"]
[EventDate "1994.01.23"]
[EventType "team"]
[EventCountry "ENG"]
[WhiteTeam "Barbican"]
[BlackTeam "Bristol"]
[WhiteTeamCountry "ENG"]
[BlackTeamCountry "ENG"]

1. d4 Nf6 2. c4 e6 3. Nc3 Bb4 4. Qc2 d5 5. cxd5 exd5 6. Bg5 h6 7. Bxf6 Qxf6 8.
a3 Bxc3+ 9. Qxc3 c6 10. e3 O-O 11. Nf3 Re8 12. Be2 Bf5 13. O-O Nd7 14. b4 Re6
15. Rfc1 Qe7 16. b5 Be4 17. Qb4 Qxb4 18. axb4 Bxf3 19. Bxf3 Nb6 20. Be2 Kf8 21.
Rc2 cxb5 22. Bxb5 a6 23. Bd3 Rc8 24. Rac1 Rxc2 25. Rxc2 Re8 26. Rc5 Rc8 27. Kf1
Ke7 28. Ke2 Kd6 29. Kd2 Rc6 30. e4 dxe4 31. Bxe4 Rc7 32. Kd3 Nd7 33. Rd5+ Ke7
34. Ra5 Nb8 35. Rc5 Kd6 36. Rd5+ Ke7 37. b5 Nd7 38. bxa6 bxa6 39. Ra5 Nb8 40.
Ke3 Rc3+ 41. Bd3 Nc6 42. Rc5 Rxc5 43. dxc5 Nb4 44. Bc4 Kd7 45. Bxf7 Kc6 46. Kd4
Nc2+ 47. Kc4 Na3+ 48. Kb4 Nc2+ 49. Kb3 Nd4+ 50. Kc4 Nf5 51. Be8+ Kc7 52. Kd5 a5
53. Ba4 Nh4 54. g3 Nf3 55. h4 Nh2 56. Ke4 Ng4 57. f4 Nf6+ 58. Ke5 Nd7+ 59. Kd4
Nf6 60. Bd1 h5 61. Ba4 Nd7 62. Kc4 Nf6 63. Bc2 a4 64. Bxa4 Ne4 65. Kd4 Nxg3 66.
Ke5 g6 67. Be8 Nf5 68. Bxg6 Ne3 69. Bxh5 Kc6 70. Bf3+ Kxc5 71. h5 Nc4+ 72. Ke6
1-0

[Event "4NCL (GBR-chT 9394)"]
[Site "Cheltenham"]
[Date "1994.01.23"]
[Round "6.3"]
[White "Law, Andrew"]
[Black "Crouch, Colin"]
[Result "1-0"]
[WhiteElo "2375"]
[BlackElo "2415"]
[PlyCount "39"]
[EventDate "1994.01.23"]
[EventType "team"]
[EventCountry "ENG"]
[WhiteTeam "Bristol"]
[BlackTeam "Barbican"]
[WhiteTeamCountry "ENG"]
[BlackTeamCountry "ENG"]

1. d4 g6 2. c4 Nf6 3. Nc3 d5 4. cxd5 Nxd5 5. e4 Nxc3 6. bxc3 e5 7. Nf3 exd4 8.
cxd4 c5 9. Bc4 Bg7 10. O-O Bg4 11. Rb1 O-O 12. dxc5 Nd7 13. Rxb7 Qc8 14. Bd5
Nf6 15. c6 Nxd5 16. exd5 Qf5 17. h3 Bxf3 18. Qxf3 Qxf3 19. gxf3 Be5 20. Re1 1-0